| 000 | 00324nam a22001097a 4500 | ||
|---|---|---|---|
| 008 | 230619b xxu||||| |||| 00| 0 eng d | ||
| 082 |
_a305.42 _bUN |
||
| 245 |
_aReport of the Committee on the Elimination of Discrimination against Women _bEleventh Session |
||
| 260 |
_bUnited Nations _c1993 |
||
| 300 | _a127p | ||
| 942 |
_2ddc _cBK |
||
| 999 |
_c1369 _d1369 |
||